|
|
|
|
| LEADER |
00000nas a2200000 a 4500 |
| 001 |
89250 |
| 003 |
Ucuenca |
| 005 |
20230308224347.0 |
| 008 |
000000|1984 ec |||||r|||||||||||spa|| |
| 040 |
|
|
|b spa
|
| 041 |
0 |
|
|a spa
|
| 082 |
0 |
|
|a 300.5
|b C386e
|
| 110 |
2 |
|
|a Centro Andino de Acción Popular.
|g CAAP
|9 196172
|
| 245 |
|
|
|a Ecuador Debate
|c Centro Andino de Acción Popular
|h imp
|
| 264 |
|
|
|a Quito
|b Centro Andino de Acción Popular
|c Agosto 1984
|
| 300 |
|
|
|a 204 páginas:
|c 27 cm
|
| 362 |
|
|
|a no. 6 (agosto de 1984)
|
| 504 |
|
|
|a incl. ref.
|
| 650 |
|
|
|a Revista ecuador debate
|9 182233
|
| 650 |
|
|
|a Vivienda andina ecuatoriana
|9 195427
|
| 650 |
|
|
|a Chamba
|9 195428
|
| 650 |
|
|
|a Pared de mano
|9 195429
|
| 650 |
|
|
|a Cangahua
|9 195430
|
| 650 |
|
|
|a Tapial
|9 122703
|
| 650 |
|
|
|a Adobe
|9 30469
|
| 650 |
|
|
|a Bahereque
|9 195431
|
| 650 |
|
|
|a Agricultura
|9 1206
|
| 650 |
|
|
|a Campesina
|9 195432
|
| 650 |
|
|
|a Construccion de vivienda
|9 173380
|
| 650 |
|
|
|a Indigena
|9 148408
|
| 852 |
|
|
|a UC-CDJBV
|f Donación
|l 1
|m General
|p 00000000
|q 1.00
|r 2
|t 89250
|b 0
|d CDRC
|e CDRC
|g 300.5 C386e TERCER PISO (SECCION REVISTAS)
|z 0000-00-00
|
| 942 |
|
|
|c SER
|2 ddc
|
| 999 |
|
|
|c 148662
|d 148662
|